000 00568nam a2200217Ia 4500
003 OSt
005 20221007063329.0
006 a|||||r|||| 00| 0
007 ta
008 221006b |||||||| |||| 00| 0 eng d
024 _a1,108
037 _cTextual
040 _aFLL
_cFLL
_beng
041 _2eng
_aeng
082 _aX:54:Z2, L0
100 _aMansukhani H.L.
245 0 _aJungle of Import Trade Law
260 _aBombay
_bTimes of India Press India
_c1970
942 _hX:54:Z2, L0
_cTEXL
_2CC
999 _c1130989
_d1130989